| 000 | 00535nam a2200217Ia 4500 | ||
|---|---|---|---|
| 003 | OSt | ||
| 005 | 20230412095300.0 | ||
| 008 | 210423s2005 xx 000 0 und d | ||
| 020 | _a9780415350648 | ||
| 040 | _cAL | ||
| 041 | _aeng | ||
| 082 |
_a820.9358 _223 _b LOOA |
||
| 100 |
_aLOOMBA (Ania). _986619 |
||
| 245 | _aColonialism/Postcolonialism. | ||
| 250 | _a2 | ||
| 260 |
_aLondon _bRoutledge & Kegan Paul _c2005 |
||
| 300 |
_axi,263 _bPB |
||
| 365 |
_b240 _cINR |
||
| 906 | _aColonialism/Postcolonialism. | ||
| 942 |
_2ddc _cBK |
||
| 999 |
_c157200 _d157200 |
||